Регионална библиотека "Любен Каравелов" - Русе

Инвестиции (Запис номер 88066)

MARC детайли
000 -Лидер
Контролно поле с фиксирана дължина 01574nam a2200361 c 4500
003 - Код на организацията, давaща контролен номер
Контролно поле BLK
005 - Дата и час на последна редакция
Контролно поле 20250118123022.0
008 - Елементи от данни с фиксирана дължина
fixed length control field 180408b bul|||||r ||||||| ||bul||
010 ## - Наследен системен номер
LC control number KNG00092722000
020 ## - Международен стандартен номер на книга ISBN
Международен стандартен номер на книга ISBN 978-954-450-157-0
-- издат.: ЕА
040 ## - Източник на каталожния запис
Идентификатор на билиотеката - собственик на записа BLK
041 ## - Код за език
Код за езика на текст/звукозапис или на отделно заглавие Български
Код за езика КДБФ Български
072 #7 - Код за тематичната категория
Код организация bullib
Код за тематична категория Н30
Текст Обществени науки Н
080 ## - УДК
Текстов определител УДК Капиталовложения. Образуване на капитала. Инвестиции
УДК код - определител по УДК 330.322
УДК определител
УДК - код + определител 330.322
080 ## - УДК
Текстов определител УДК Финанси на стопанските организации (вкл. финансиране и управление на финансите). Финанси на стопанския сектор
УДК код - определител по УДК 336.6
УДК определител
УДК - код + определител 336.6
100 1# - Редна дума - Автор
Автор Орешарски, Пламен Василев
Авторска отговорност първи автор
R(LIN) 104824
139 ## - Редно поле
Редна дума Орешарски, Пламен Василев
Авторски знак Оре - О 69
245 10 - Сведения за заглавието
Заглавие Инвестиции
Подзаглавни данни Анализ и управление на инвестиционни портфейли
Редно поле (дума) Пламен Василев Орешарски.
257 ## - Страна на издаване
Страна на създаване/издаване България
260 ## - Област на издателските данни
-- Плевен
Име на издателя, разпространителя и проч. ЕА
Година на издаване 2009
300 ## - Физическа характеристика
Страници 473 с.
Илюстрации и др. с ил., табл., диагр.
Размери/Мащаб 25 см
380 ## - Жанр
Жанр Обществени науки
500 ## - Общи забележки
Забележка Библиогр. с. 469-473.
650 #4 - Допълнително описание по предмет – тема
Основно описание – тема или топоним Инвестиции
9 (RLIN) 157148
653 ## - Ключова дума – ненормативна
Ключова дума инвестиции
659 ## - Тематичен бюлетин
Тематичен бюлетин Н
852 ## - Местоположение
Форматна сигнатура Цб 246047
856 4# - Електронен адрес и достъп
Електронен формат pdf - файл
Път до файла /url/
856 4# - Електронен адрес и достъп
Електронен формат pdf - файл
Път до файла /url/
942 ## - АРТИКУЛИ
Вид на библиотечния материал Книги
Скрит в OPAC Не
Koha issues (borrowed), all copies 10
944 ## - СЪЗДАВАНЕ И РЕДАКЦИЯ на ЗАПИСА
Създаване/Редакция Създаване
Дата на регистрацията/редакция 20.11.2009
Статус, дата на статуса Иваничка Йорданова
Служител, извършил регистрацията/редакцията 30553
944 ## - СЪЗДАВАНЕ И РЕДАКЦИЯ на ЗАПИСА
Създаване/Редакция Редакция
Дата на регистрацията/редакция 10.12.2012
Статус, дата на статуса ф /
Служител, извършил регистрацията/редакцията
999 ## - СИСТЕМНИ КОНТРОЛНИ НОМЕРА
Koha biblionumber 88066
Koha biblioitemnumber 88066
Наличности
Код за отписване Код за изгубен артикул Код за повреда Коз за рестрикции Код за отдаване Артикулен № Име на библиотеката - собственик Име на библиотеката, в която се намира в момента Статус (Текущо местоположение) Дата на вписване в системата Местоположение - отдел Цена в лева Инвентарен номер Систематично азбучна сигнатура Баркод Номер на екземпляра Цена в евро Служебна бележка Служебен тип на артикула
  Не е изгубен Не е повреден без рестрикции ползва се в читалня 142600 Регионална библиотека "Любен Каравелов" Русе Регионална библиотека "Любен Каравелов" Русе Читалня 2009-11-20 Читалня 35.00 120000739873 Ч 330/О 69 120000739873 1 17.90 Дост: Pk Вид: Ф N: 22432 Дата: 17.11.2009 Дата инв: 22.03.2017 Бележки инв: Ч2017 Книги
  Не е изгубен Не е повреден без рестрикции ползва се в читалня 142601 Регионална библиотека "Любен Каравелов" Русе Регионална библиотека "Любен Каравелов" Русе Хранилище 2010-08-17 Хранилище 35.00 120000745067 Цб 246047 120000745067 2 17.90 Дост: Dp Вид: Д N: 47 Дата: 04.11.2009 Книги
  Не е изгубен Не е повреден без рестрикции заемане за дома 142602 Регионална библиотека "Любен Каравелов" Русе Регионална библиотека "Любен Каравелов" Русе Заемна - подръчен фонд 2012-11-28 Заемна - подръчен фонд 19.00 120000761902 П 330/О 69 120000761902 3 9.71 Дост: Pk Вид: Ф N: 324 Дата: 19.11.2012 Дата инв: 27.02.2018 Бележки инв: П2018 Книги
Vip Innovations Ltd, Rousse, Bulgaria 2025